Cuarto -IV- censo de manufactura, 1975. Tomo 1: Resultados por división territorial administrativa
Bewaard in:
| Coauteur: | |
|---|---|
| Formaat: | Texto |
| Taal: | Spanish |
| Gepubliceerd in: |
San José:
MEIC. DGEC. Sección de Publicaciones
|
| Onderwerpen: | |
| Tags: |
Voeg label toe
Geen labels, Wees de eerste die dit record labelt!
|
MARC
| LEADER | 00000 a a2200000 04500 | ||
|---|---|---|---|
| 001 | 16424 | ||
| 003 | cru IIS | ||
| 005 | 20220516180407.0 | ||
| 008 | 220516b1978 cr ||||| |||| 00| 0 spa d | ||
| 040 | |a CRAI/IIS |c CRAI/IIS | ||
| 090 | |a 08.01.01 CR8375c (IV) 1975 T.1 | ||
| 110 | |a Costa Rica. Ministerio de Economía, Industria y Comercio. Dirección General de Estadística y Censos | ||
| 245 | |a Cuarto -IV- censo de manufactura, 1975. Tomo 1: Resultados por división territorial administrativa | ||
| 260 | |a San José: |b MEIC. DGEC. Sección de Publicaciones | ||
| 300 | |a 62 p. | ||
| 650 | |a CENSOS | ||
| 650 | |a INDUSTRIA | ||
| 650 | |a COSTA RICA | ||
| 942 | |2 z |c LI | ||
| 999 | |c 17650 |d 17650 | ||
